MARC details
| 000 -CABECERA |
| campo de control de longitud fija |
03789nam a22004217a 4500 |
| 001 - NÚMERO DE CONTROL |
| campo de control |
BRCA_8546 |
| 002 - NÚMERO DE PROCEDENCIA |
| campo de control |
LM-15 |
| 003 - IDENTIFICADOR DEL NÚMERO DE CONTROL |
| campo de control |
FranzMayer |
| 005 - FECHA Y HORA DE LA ÚLTIMA TRANSACCIÓN |
| campo de control |
20260505102153.0 |
| 006 - CÓDIGOS DE INFORMACIÓN DE LONGITUD FIJA--CARACTERÍSTICAS DEL MATERIAL ADICIONAL |
| campo de control de longitud fija |
a||||gr|||| 00| 0 |
| 007 - CAMPO FIJO DE DESCRIPCIÓN FÍSICA--INFORMACIÓN GENERAL |
| campo de control de longitud fija |
ta |
| 008 - DATOS DE LONGITUD FIJA--INFORMACIÓN GENERAL |
| campo de control de longitud fija |
251007s1729 sp a|||gr|||| 00| 0 spa d |
| 040 ## - FUENTE DE LA CATALOGACIÓN |
| Centro catalogador/agencia de origen |
BMFM |
| Lengua de catalogación |
spa |
| 041 0# - CODIGO DE IDIOMA |
| Código de idioma para texto/pista de sonido o título separado |
spa |
| 050 #4 - SIGNATURA TOPOGRÁFICA DE LA BIBLIOTECA DEL CONGRESO |
| Número de clasificación |
TS200 |
| Número de documento/Ítem |
.B37 1729 |
| 100 1# - ENTRADA PRINCIPAL--NOMBRE DE PERSONA |
| Nombre de persona |
Barba, Alvaro Alonso |
| Fechas asociadas al nombre |
(1569-1662) |
| 9 (RLIN) |
30072 |
| 245 10 - MENCIÓN DE TÍTULO |
| Título |
Arte de los metales, en que se enseña el verdadero beneficio de los de oro, y plata por azogue: el modo de fundirlos todos, y como se han de refinar, y apartar unos de otros/ |
| Mención de responsabilidad, etc. |
Alvaro Alonso Barba |
| 246 10 - FORMA VARIANTE DE TÍTULO |
| Título propio/Titulo breve |
Arte de los metales |
| 260 ## - PUBLICACIÓN, DISTRIBUCIÓN, ETC. |
| Lugar de publicación, distribución, etc. |
Madrid, España: |
| Nombre del editor, distribuidor, etc. |
En la oficina de la Viuda de Manuel Fernandez, a costa de Manuel de Godos, |
| Fecha de publicación, distribución, etc. |
1729 |
| 300 ## - DESCRIPCIÓN FÍSICA |
| Extensión |
228 páginas : |
| Otras características físicas |
Ilustraciones ; |
| Dimensiones |
21 x 15 x 2.5 cm |
| 520 3# - SUMARIO, ETC. |
| Sumario, etc. |
Dividida en cinco apartados, en esta obra Alonso Barba reunió sus conocimientos sobre la transformación de los minerales y metales preciosos en la Nueva España, desde su extracción, hasta su fundición y refinación. |
| Ampliación de la nota de sumario |
Su originalidad reside en que expuso y sistematizó la práctica y el conocimiento metalúrgico regionales. Incluso nuevas técnicas y métodos que fueron retomados por otros mineros e intelectuales de la época. Al final, el autor incluyó un tratado escrito en 1624 por el español Alonso Carrillo, y el cual ha sido considerado un referente acerca de los orígenes y usos antiguos de las minas españolas. |
| 563 ## - NOTA DE ENCUADERNACIÓN |
| Nota de encuadernación |
Otras referencias físicas: Encuadernación semiflexible en pergamino. El papel del cuerpo del libro está formado por pulpa de trapo, hecho a mano, con marcas de verjurado y marcas de agua con un diseño no identificado. El cuerpo del libro está formado por cuadernillos unidos mediante costura alternada sobre dos soportes de costura sencillos y elevados, de material no identificado. Aparentemente, las prolongaciones de los soportes se cortaron a ras. Las hojas de guarda son reposiciones (aparentemente se conserva la guarda anterior que funciona como hoja de respeto o cortesía). Lomera ligeramente redonda; no se aprecian endoses. Cabezadas tejidas con hilo café doble, con almas de piel alumada y prolongaciones enlazadas a la cartera. Cantos del cuerpo refinados y coloreados amarillo-café. Soportes de las tapas de cartoncillo. Rótulo manuscrito en el lomo. Texto impreso |
| 591 ## - ESTADO DE CONSERVACIÓN |
| Estado de conservación |
Estado de Conservación: Muy bueno |
| 591 ## - ESTADO DE CONSERVACIÓN |
| Descripción de conservación |
Descripción de conservación: Libro con intervenciones: contraguardas repuestas y guarda anterior reforzada. Presenta suciedad, manchas mínimas y foxing |
| 592 ## - MARCAS ADICIONALES |
| MARCAS ADICIONALES |
Marcas Adicionales: Resto del título e información en portada: <<Compuesto por Alvaro Alonso Barba, natural de la Villa de Lepe, en la Andalucía, Cura en la imperial de Potosí de la Parroquia de San Bernardo; Nuevamente ahora añadido con el Tratado de las antiguas minas de España que escribió Don Alonso Carrillo y Laso, Caballero del Avito de Santiago y Caballerizo de Cordova>>. Incluye: <<Tabla de los capítulos que se contienen en los cinco Libros>>. Ilustraciones en las páginas: 103, 111, 114, 129, 134, 138, 141, 143, 147, 170, 188 |
| 593 ## - COLECCIÓN ADICIONAL |
| Colección adicional |
Tratados, compendios y manuales |
| 648 #0 - PUNTO DE ACCESO ADICIONAL DE MATERIA--TÉRMINO CRONOLÓGICO |
| Término cronológico |
Viceroyalty period |
| Subdivisión cronológica |
Viceroyalty (1535-1821) |
| 9 (RLIN) |
30071 |
| 650 10 - PUNTO DE ACCESO ADICIONAL DE MATERIA--TÉRMINO DE MATERIA |
| Término de materia o nombre geográfico como elemento de entrada |
Metals and minerals |
| 9 (RLIN) |
30073 |
| 650 10 - PUNTO DE ACCESO ADICIONAL DE MATERIA--TÉRMINO DE MATERIA |
| Término de materia o nombre geográfico como elemento de entrada |
Silver |
| Subdivisión cronológica |
Early works to 1800 |
| 9 (RLIN) |
30074 |
| 650 10 - PUNTO DE ACCESO ADICIONAL DE MATERIA--TÉRMINO DE MATERIA |
| Término de materia o nombre geográfico como elemento de entrada |
Gold |
| Subdivisión cronológica |
Early works to 1800 |
| 9 (RLIN) |
30075 |
| 650 10 - PUNTO DE ACCESO ADICIONAL DE MATERIA--TÉRMINO DE MATERIA |
| Término de materia o nombre geográfico como elemento de entrada |
Mines and mineral resources |
| 9 (RLIN) |
7027 |
| 650 10 - PUNTO DE ACCESO ADICIONAL DE MATERIA--TÉRMINO DE MATERIA |
| Término de materia o nombre geográfico como elemento de entrada |
Metallurgy |
| Subdivisión cronológica |
Early works to 1800 |
| 9 (RLIN) |
30076 |
| 700 1# - PUNTO DE ACCESO ADICIONAL--NOMBRE DE PERSONA |
| Nombre de persona |
Godos, Manuel de |
| Término indicativo de función/relación |
editor |
| 9 (RLIN) |
30077 |
| 856 41 - LOCALIZACIÓN Y ACCESO ELECTRÓNICOS |
| Tipo de formato electrónico |
TIF//PDF |
| Identificador Uniforme del Recurso |
<a href="https://bibliotecadigital.franzmayer.org.mx/items/5a7f1e58-5dc4-42b3-bb5b-53bf07009f1e">https://bibliotecadigital.franzmayer.org.mx/items/5a7f1e58-5dc4-42b3-bb5b-53bf07009f1e</a> |
| Texto de enlace |
Biblioteca Digital Franz Mayer |
| 902 ## - CATALOGADOR |
| Iniciales |
KH |
| -- |
TV |
| -- |
FM |
| 942 ## - ELEMENTOS DE PUNTO DE ACCESO ADICIONAL (KOHA) |
| Fuente del sistema de clasificación o colocación |
Library of Congress Classification |
| Tipo de ítem Koha |
Libros |
| 960 ## - LOCALIZACIÓN FÍSICA (RLIN) |
| Localización física, PLOC (RLIN) |
CS-L3-N2 |
| 952 ## - LOCALIZACIÓN E INFORMACIÓN DEL ÍTEM/UNIDAD FÍSICA (KOHA) |
| Localización permanente |
Biblioteca del Museo Franz Mayer (Rogerio Casas-Alatriste) |
| Ubicación/localización actual |
Biblioteca del Museo Franz Mayer (Rogerio Casas-Alatriste) |
| Información codificada de la localización en otra ubicación |
CS-L3-N2 |
| Número de procedencia |
LM-15 |
| Total de préstamos |
0 |
| Signatura topográfica completa |
TS200 .B37 1729 (LM-15) |
| Código de barras |
LAR00049 |
| Fecha visto por última vez |
2025-10-07 11:51:00 |
| Tipo de ítem Koha |
Libros |
| Estado del ejemplar |
El ejemplar forma parte de la colección y puede ser consultado según las políticas vigentes. |
| Estado de pérdida |
|
| Restricciones de uso |
Además de la credencial vigente, se requiere carta de motivos para autorizar la consulta. |
| Disponibilidad para consulta |
|
| Código de colección |
Libros Antiguos y Raros |